000 00188 a2200097 4500
020 _a9788479537685
041 _aspa
100 _aEdlund, Matthew
245 _aDescanso activo
942 _cBK
999 _c10483
_d10483